[Event "Leon 23rd"]
[Site "Leon"]
[Date "2010.06.06"]
[Round "2.1"]
[White "Aronian, Levon"]
[Black "Gelfand, Boris"]
[Result "1/2-1/2"]
[WhiteElo "2783"]
[BlackElo "2741"]
[Annotator "CB"]
[PlyCount "155"]
[EventDate "2010.06.04"]
[EventType "k.o. (rapid)"]
[EventRounds "2"]
[EventCountry "ESP"]
[SourceTitle "CBM 136 Extra"]
[Source "ChessBase"]
[SourceDate "2010.07.02"]
[SourceVersion "2"]
[SourceVersionDate "2010.07.15"]
[SourceQuality "1"]

{Gran final en León: Boris Gelfand ganador de la Copa del Mundo frente a Levon
Aronian proclamado recientemente vencedor del Gran Prix, circuito de
supertorneos promovido por la Fide. En virtud de estos resultados ambos son
candidatos oficiales al título mundial. Boris Gelfand, ahora israelí pero
nacido en Minsk en tiempos todavía sovieticos, es un rival especialmente
incómodo de lidiar para su excompatriota Aronian al que ha vencido 8 veces por
7 en las que ha tenido que inclinar su rey, la última este año en el Cto. del
mundo por equipos celebrado en Turquía en el mes de enero.} 1. Nf3 d5 2. c4 c6
3. e3 Nf6 4. Nc3 e6 {Gelfand propone surcar las aguas de su querida semieslava}
5. b3 Bd6 6. Bb2 O-O 7. Be2 Nbd7 8. Qc2 {Aronian, por su parte, juega con la
máxima flexibilidad posible demorando quizás sine die el avance d4} b6 9. g4 $5
{Y ahora descubre sus cartas: nada de 0-0, hay que decir que el avance g4 es
una de las jugadas favoritas del armenio...} Nxg4 10. Rg1 f5 11. h3 Nge5 ({
Catastrófico para las negras resultó} 11... Ngf6 12. Nd4 Qe8 13. cxd5 cxd5 14.
Ncb5 Be5 15. Nc7 Bxc7 16. Qxc7 Rb8 17. Qd6 Rf7 18. Nxe6 {y 1-0 en la partida
Andreikin,D (2580)-Kaplan,S (2428) Plovdiv 2008}) 12. Nd4 Nc5 13. O-O-O Bd7 14.
h4 $5 {Minando la estabilidad de la casilla g6 retirada natural del caballo de
e5} Be7 $1 {El alfil se recicla a f6 para anular a su colega de la lejana b2} (
{La alternativa evidente es} 14... Qxh4 15. f4 Ng6 (15... Ng4 16. Bxg4 fxg4 17.
Rh1) 16. Nf3 Qe7 {y por ejemplo} 17. Ng5 {ofrece atractivas posibilidades de
ataque que intuitivamente Gelfand rechaza brindar a su ingenioso rival}) 15.
Rg2 Bf6 16. Rdg1 dxc4 17. bxc4 b5 $1 {También Boris quiere abrir columnas
contra el enroque adversario: la lucha es de alta tensión} 18. Nd1 Na4 19. Ba1
Qe7 $1 {Gelfand ha coordinado idealmente sus piezas y parece haber refutado
por completo las frivolidades del blanco.} 20. Nb3 bxc4 21. Bxc4 Kh8 ({Con la
profiláctica} 21... Rf7 {se evitaba el golpe de la partida}) 22. Rxg7 $5 {
Aronian se juega la última carta} Bxg7 23. Rxg7 Qxg7 24. f4 Kg8 25. Bxe5 Qh6
26. Nd4 Nb6 27. Bb3 c5 $2 {?Precipitación o error de cálculo?, ahora la
ventaje negra se evapora} ({más segura es} 27... Nd5) 28. Nxf5 Rxf5 29. Qxf5 c4
30. Qg4+ Qg6 31. Qxg6+ hxg6 32. Bc2 Kf7 33. Nf2 {Las blancas tienen plena
compensación por la calidad} Ba4 34. Bb1 Nd7 35. Bd4 Nf6 36. Nh3 Be8 37. Ng5+
Ke7 38. Bc5+ Kd7 39. Nf3 Kc7 40. Bd4 Ng4 41. Ng5 Kd7 42. Be4 Rc8 43. Bxa7 c3
44. Bd4 cxd2+ 45. Kxd2 Nh6 46. Nf3 Nf5 47. Bf6 Kd6 48. Ne5 Rc7 49. Bd3 Ra7 50.
Bc4 Ng3 51. Bg5 Ne4+ 52. Kd3 Nc5+ 53. Ke2 Nd7 $2 {Descuidando la siguiente
jugada blanca} 54. Be7+ $1 Kc7 55. Bxe6 $6 ({Con} 55. Nf3 {Las blancas
hubieran creado muchos problemas a su rival}) 55... Nxe5 56. fxe5 Kc6 57. Bg5
Bf7 $1 58. Bh3 Rxa2+ 59. Kf3 Bd5+ 60. Kg3 Ra4 61. e6 Re4 62. e7 Kd6 $6 63. Bf1
Rxe7 64. Bxe7+ Kxe7 65. Kf4 Kf6 66. Be2 Bb3 67. e4 Bc2 68. e5+ Kf7 69. Bc4+ Kg7
70. Kg5 {Varias imprecisiones han llevado al borde del abismo} Ba4 71. e6 (71.
Bd3 Be8 72. e6 Bf7) 71... Bc6 72. Bb3 Be8 73. Bc2 ({El plan de llevar el alfil
a d7 tampoco gana:} 73. Bd5 Ba4 74. Bb7 Bb5 75. Bc8 Bf1 $1 ({no} 75... Be8 $2
76. Bd7 Bf7 77. e7 {porque las negras quedarían en Zugzwang}) 76. Bd7 Bh3 {
seguido de Bxe6}) 73... Bf7 $1 {Este recurso salva la partida} 74. exf7 Kxf7
75. Kh6 Kg8 76. Bb3+ Kh8 77. Bf7 g5 78. hxg5 {Ahogado!!} 1/2-1/2

[Event "Leon 23rd"]
[Site "Leon"]
[Date "2010.06.06"]
[Round "2.2"]
[White "Gelfand, Boris"]
[Black "Aronian, Levon"]
[Result "1/2-1/2"]
[WhiteElo "2741"]
[BlackElo "2783"]
[Annotator "CB"]
[PlyCount "74"]
[EventDate "2010.06.04"]
[EventType "k.o. (rapid)"]
[EventRounds "2"]
[EventCountry "ESP"]
[SourceTitle "CBM 136 Extra"]
[Source "ChessBase"]
[SourceDate "2010.07.02"]
[SourceVersion "2"]
[SourceVersionDate "2010.07.15"]
[SourceQuality "1"]

1. d4 Nf6 2. c4 e6 3. Nf3 d5 4. g3 {La Catalana. Era previsible la entrada de
esta noble apertura ya que ambos jugadores la tienen en su amplio repertorio.}
Be7 5. Bg2 O-O 6. O-O dxc4 7. Qc2 a6 8. a4 Bd7 9. Rd1 Bc6 10. Nc3 Bxf3 11. Bxf3
Nc6 12. Bxc6 bxc6 13. a5 Rb8 ({Más antigua es:} 13... Qb8 14. Qa4 (14. Ra4 c5
15. Rxc4 cxd4 16. Rdxd4 c5 17. Rh4 Re8 18. Be3 {Khalifman, A-Spassov,L Moscú
1985}) 14... c5 15. Qxc4 cxd4 16. Rxd4 c5 17. Rd3 Qb4 18. Ra4 Qb7 19. Ra3 Qb4
20. Ra4 Qb7 21. Ra3 Qb4 22. Qa2 Rab8 23. Ra4 Qb7 24. Rc4 Rfd8 25. Rxd8+ Rxd8 {
Beliavsky,A (2650)-Stohl,I (2573) Portoroz 1999}) 14. Ra4 Rb4 15. Na2 Rxa4 16.
Qxa4 h6 ({Probose:} 16... Qd5 17. Nc3 Qh5 18. Qxc6 Qxa5 19. Qxc4 c5 20. dxc5
Bxc5 21. Bf4 Qb4 22. Qxb4 Bxb4 23. Bd6 Bxd6 24. Rxd6 Ra8 25. f3 Kf8 26. Na4 a5
27. Kf2 {Con aproximada igualdad,aunque la blancas acabaron imponiéndose en:
Wang Hao (2722)-Xu Yuhua (2484) Hefei 2010}) 17. Qxc4 Qd5 18. Qxd5 cxd5 {
La comodidad de la posición negra es evidente y el alfil negro controla la
importante casilla b4.} 19. Bf4 Rb8 $5 {Para forzar a las blancas a situar el
peón b en b4 y conseguir que sea débil mucho tiempo.} 20. b4 Rc8 21. Rb1 ({Tras
} 21. Rc1 c6 22. f3 Ne8 {y las negras también consiguen llegar con el caballo
al flanco de dama y consolidar la posición.}) 21... g5 22. Bd2 Ne4 23. Be1 Nd6
24. Nc1 {Los dos jugadores intentan mejorar la ubicación de sus piezas.} Rb8
25. Nd3 Nc4 26. Rc1 Kf8 27. f3 f5 $6 (27... Bd6 $1 {Controlando el corcel
blanco.} 28. e4 f5 $1) 28. Ne5 $1 {El blanco entiende que la mejor pieza negra
es el caballo.} Nxe5 29. dxe5 Bd8 (29... Bxb4 30. Bxb4+ Rxb4 31. Rc6 $1) 30. e4
$1 (30. Rc6 Ke7 $1 31. Rxa6 Kd7 {Y la torre blanca lo tiene negro.}) 30... fxe4
31. fxe4 dxe4 32. Kf2 Ke8 33. Ke3 Kd7 34. Kxe4 Be7 {Secuencia mas o menos
forzada que no cambia la valoración de estos comentaristas: igualdad} 35. Rd1+
Ke8 (35... Kc6 36. Rc1+ (36. Rd4 Rf8 {Seria peligroso para las blancas.}) 36...
Kd7 {con igualdad.}) 36. Rd4 Rb5 37. Rc4 Kd7 1/2-1/2

[Event "Leon 23rd"]
[Site "Leon"]
[Date "2010.06.06"]
[Round "2.3"]
[White "Aronian, Levon"]
[Black "Gelfand, Boris"]
[Result "1-0"]
[WhiteElo "2783"]
[BlackElo "2741"]
[Annotator "CB"]
[PlyCount "115"]
[EventDate "2010.06.04"]
[EventType "k.o. (rapid)"]
[EventRounds "2"]
[EventCountry "ESP"]
[SourceTitle "CBM 136 Extra"]
[Source "ChessBase"]
[SourceDate "2010.07.02"]
[SourceVersion "2"]
[SourceVersionDate "2010.07.15"]
[SourceQuality "1"]

1. Nf3 d5 2. c4 c6 3. e3 Nf6 4. Nc3 e6 5. b3 Bd6 6. Bb2 O-O 7. Be2 dxc4 {
Gelfand se aparta de la primera parrtida a pesar de haber obtenido buena
posición. ?Hubiera Aronian repetido su g4?} 8. bxc4 e5 9. d3 {Una nueva
propuesta de Aronian, quien como ya hemos comentado gusta mantener la posición
lo más flexible que se pueda.} (9. d4 exd4 10. exd4 Re8 {Se ha jugado en
alguna ocasión}) 9... Re8 10. O-O Bg4 11. Rb1 Nbd7 12. Ba1 Rb8 13. Qc2 Nc5 14.
Rfd1 Qe7 15. h3 (15. Nh4 Bxe2 16. Qxe2 Qe6 {No incomoda a las negras}) 15...
Bf5 16. Nh4 Bd7 17. d4 exd4 18. exd4 Nce4 19. Bd3 Nxc3 20. Bxc3 Ne4 21. Re1
Qxh4 22. Bxe4 {Las blancas tienen más espacio y presión sobre b7 ?suficiente
para ventaja?} (22. Rxe4 Rxe4 23. Bxe4 Re8 {y es mala} 24. Rxb7 {por} Bxh3)
22... h6 23. c5 Bc7 24. d5 {Abriendo totalmente la posición pero el negro
tendrá recursos contraatacando el enroque blanco con ayuda de sus alfiles.}
cxd5 25. Bxd5 Qh5 $6 ({Es mejor} 25... Qf4 $1 26. g3 Qg5 {con contrajuego.})
26. Qd3 Bf5 $6 ({Era necesario} 26... Rxe1+ 27. Rxe1 Re8 28. Bxb7 Rxe1+ 29.
Bxe1 Be6 {recuperando el peón con buenas posibilidades de tablas}) 27. Qd4 Qg5
28. h4 Qg6 29. Rxe8+ Rxe8 30. Rxb7 Be4 $1 {Único recurso disponible para
mantenerse en la partida} 31. g3 Bxd5 32. Qxd5 Bxg3 33. h5 $1 {Intermedia que
deja al blanco con pieza de más aunque con el rey algo expuesto} Bxf2+ 34. Kxf2
Qc2+ 35. Bd2 Re6 36. c6 ({La sugerencia de Lenier Domínguez} 36. Rb8+ Kh7 37.
Rb3 {gana inmediatamente}) 36... Rf6+ 37. Kg3 Kh7 38. c7 Rf5 39. Qd4 (39. c8=Q
Qxc8 40. Qe4 {Es la continuación preferida por Rybka}) 39... Qc6 $2 {Tirando
definitivamente la partida} ({Con} 39... Rxh5 {la partida se complicaba de
nuevo}) 40. Qd3 g6 41. c8=Q Qxc8 42. Rxf7+ Rxf7 43. Qxg6+ Kh8 44. Qxf7 Qc6 45.
Qg6 {No es la única ganadora, pero Aronian parece haberse quedado con ganas de
ganar el final de alfil y peón de torre malo contra rey que salvó a Gelfand en
la primera partida.} Qxg6+ 46. hxg6 Kg7 47. Kf4 Kxg6 48. Ke5 h5 49. a4 h4 50.
a5 a6 51. Bf4 h3 52. Bh2 Kg5 53. Kd6 Kf5 54. Kc6 Ke6 55. Kb6 Kd7 56. Kxa6 Kc6
57. Ka7 Kb5 58. a6 1-0

[Event "Leon 23rd"]
[Site "Leon"]
[Date "2010.06.06"]
[Round "2.4"]
[White "Gelfand, Boris"]
[Black "Aronian, Levon"]
[Result "1-0"]
[WhiteElo "2741"]
[BlackElo "2783"]
[Annotator "CB"]
[PlyCount "125"]
[EventDate "2010.06.04"]
[EventType "k.o. (rapid)"]
[EventRounds "2"]
[EventCountry "ESP"]
[SourceTitle "CBM 136 Extra"]
[Source "ChessBase"]
[SourceDate "2010.07.02"]
[SourceVersion "2"]
[SourceVersionDate "2010.07.15"]
[SourceQuality "1"]

{A Gelfand sólo le vale ganar.} 1. d4 Nf6 2. c4 e6 3. Nc3 {Obligado por las
circunstancias Gelfand renuncia por esta vez a su amada Catalana.} Bb4 4. e3 c5
5. Nge2 b6 6. a3 Ba5 {Estamos en una las líneas más intricadas del Sistema
Rubinstein de la defensa Nimzoindia} 7. Rb1 Na6 8. f3 {La continuación
favorita del GM bielorruso Alexandrov} O-O 9. d5 Nh5 {Novedad. Se conocia:} (
9... d6 10. Ng3 Qe7 11. e4 Bd7 12. Kf2 Bxc3 13. bxc3 Nc7 14. Bd3 e5 15. Rb2
Rab8 16. Be3 {Y aunque las blancas ganaron, la posición dista mucho de ser
clara. en la partida Aleksandrov,A (2624)-Socko,M (2456) Wroclaw 2009}) 10. g3
f5 11. Bg2 Nf6 12. O-O Bxc3 13. Nxc3 exd5 14. Nxd5 Nc7 15. e4 {La elección de
Gelfand en la apertura ha sido un éxito: las blancas tienen una posición muy
prometedora.} Ncxd5 16. exd5 (16. cxd5 d6 17. b4 {Es la alternativa}) 16... d6
17. b3 Rb8 18. Bb2 Rb7 19. Re1 Re8 20. Rxe8+ Qxe8 21. Qd2 Re7 22. Bxf6 {
Gelfand ha tardado un par de minutos en tomar esta decisión que sin duda le da
ventaja, pero la pregunta es ? tendrá posibilidades reales de ganar?} gxf6 23.
Bf1 Re3 24. Bd3 $1 f4 $1 {La mejor para complicar el juego} (24... Re5 25. Kf2
{seguido de Qf4 es muy triste para el negro}) 25. gxf4 Re7 26. f5 $6 {
Habilitando f4 para la Dama pero condenando para siempre al pobre alfil a la
pasividad.} ({Directamente} 26. Kh1 {ofrece mejores chances prácticos}) 26...
Rg7+ 27. Kh1 Qh5 28. Qf4 Kf7 ({Contra} 28... Qg5 29. Qxg5 Rxg5 {las blancas
jugarían} 30. f4 $5 Rg7 (30... Rh5 31. Re1 Kf7 32. Kg2) 31. b4 Re7 32. bxc5
dxc5 33. a4 Re3 34. Rg1+ Kf8 35. Rg3 Re1+ 36. Kg2 Ra1 37. Rh3 Kg8 38. Re3 Kf8
39. d6 {creando molestias}) 29. h4 $1 Rg5 30. Rg1 Rxg1+ 31. Kxg1 Ke7 32. b4 Qe8
33. Qh6 Qf7 34. Kf2 Kd8 35. bxc5 bxc5 36. Qd2 Qe7 37. h5 Qe5 $1 {Con esta
centralización Aronian se asegura el empate} 38. Qh6 Qd4+ 39. Ke2 Qe5+ 40. Kf1
Bxf5 41. Qf8+ Kd7 42. Qf7+ Kd8 43. Bxf5 Qxf5 44. Kf2 Qf4 $4 {Una jugada
absurda que pierde el peón de h} 45. Qg8+ Kc7 46. Qxh7+ Kb6 47. Kg2 {Ahora las
blancas tienen posibilidades reales de victoria.} Qd2+ 48. Kh3 Qc1 49. Qe4 Qh1+
50. Kg4 f5+ (50... Qg2+ 51. Kf5 Qg5+ 52. Ke6 Qxh5 53. Kxd6 {ganando}) 51. Qxf5
Qg1+ 52. Kh4 Qc1 53. f4 Qxc4 54. h6 Qc3 55. h7 c4 56. Kg5 Qd4 57. Qf6 Qxd5+ 58.
Kh6 Qh1+ 59. Kg6 Qg2+ 60. Qg5 Qe4+ 61. f5 Qe8+ 62. Kg7 Qe5+ 63. Qf6 {Y Gelfand
empata el match in extremis. El XXIII Torneo Magistral Ciudad de León se
decidirá una vez más en las emocionantes partidas a 5 minutos.} 1-0

[Event "Moscow Tal Memorial 5th"]
[Site "Moscow"]
[Date "2010.11.07"]
[Round "3"]
[White "Aronian, Levon"]
[Black "Gelfand, Boris"]
[Result "1-0"]
[WhiteElo "2783"]
[BlackElo "2739"]
[PlyCount "81"]
[EventDate "2010.11.05"]
[EventType "tourn"]
[EventRounds "9"]
[EventCountry "RUS"]
[EventCategory "21"]
[SourceTitle "CBM 139"]
[Source "ChessBase"]
[SourceDate "2010.11.18"]
[SourceVersion "1"]
[SourceVersionDate "2010.11.18"]
[SourceQuality "1"]

1. d4 d5 2. c4 c6 3. Nf3 Nf6 4. Nc3 e6 5. Qd3 Nbd7 6. g3 Bd6 7. Bg2 O-O 8. O-O
dxc4 9. Qxc4 e5 10. Rd1 Qe7 11. Bg5 h6 12. Nh4 Nb6 $1 13. Bxf6 Qxf6 (13... Nxc4
$1 14. Bxe7 $140 Bxe7 15. d5 Nxb2 16. Rdb1 Bb4 $1) 14. Qb3 Bc7 $2 (14... Be6
$13) 15. d5 cxd5 16. Bxd5 Kh8 17. Rac1 Qe7 18. Qc2 Rb8 19. a4 Bh3 20. Bg2 Be6
21. a5 Na8 22. Nd5 Bxd5 23. Rxd5 Qe6 24. b4 Bd8 25. Nf5 g6 26. Nd6 Nc7 27. Rdd1
b6 28. Nb7 Na6 29. Rd6 Qg4 30. Qb2 Qxb4 31. Qxe5+ Kh7 32. Rd7 Bg5 33. Rcd1 Nc5
34. Nxc5 Qxc5 35. Qxc5 bxc5 36. Rxa7 c4 37. a6 c3 38. Rc7 Rbc8 39. Rxc8 Rxc8
40. e3 Be7 41. Rc1 1-0

[Event "Wch Blitz 5th"]
[Site "Moscow"]
[Date "2010.11.16"]
[Round "6"]
[White "Aronian, Levon"]
[Black "Movsesian, Sergei"]
[Result "1-0"]
[WhiteElo "2801"]
[BlackElo "2721"]
[PlyCount "65"]
[EventDate "2010.11.16"]
[EventType "tourn (blitz)"]
[EventRounds "38"]
[EventCountry "RUS"]
[EventCategory "20"]
[SourceTitle "EXT 2011"]
[Source "ChessBase"]
[SourceDate "2010.11.26"]
[SourceVersion "1"]
[SourceVersionDate "2010.11.26"]
[SourceQuality "1"]

1. d4 d6 2. Nf3 Nd7 3. c4 e5 4. Nc3 g6 5. Bg5 f6 6. Bh4 c6 7. e4 Qe7 8. Be2 h5
9. h3 Bh6 10. O-O Bf4 11. Qc2 g5 12. Bg3 h4 13. Bxf4 gxf4 14. Rad1 Qg7 15. Kh2
Ne7 16. Qb3 Ng6 17. Qa3 Qe7 18. Rd2 Ndf8 19. Rfd1 Bd7 20. Na4 Rd8 21. c5 dxc5
22. Nxc5 b6 23. Nxd7 Nxd7 24. Qxa7 Rh7 25. dxe5 fxe5 26. Qc7 Qc5 27. Ba6 Re7
28. b4 Qxb4 29. Qxc6 Ngf8 30. Bc8 Qc5 31. Bxd7+ Nxd7 32. Qg6+ Kf8 33. Ng5 1-0

[Event "Wch Blitz 5th"]
[Site "Moscow"]
[Date "2010.11.18"]
[Round "31"]
[White "Aronian, Levon"]
[Black "Savchenko, Boris"]
[Result "1-0"]
[WhiteElo "2801"]
[BlackElo "2632"]
[PlyCount "61"]
[EventDate "2010.11.16"]
[EventType "tourn (blitz)"]
[EventRounds "38"]
[EventCountry "RUS"]
[EventCategory "20"]
[SourceTitle "EXT 2011"]
[Source "ChessBase"]
[SourceDate "2010.11.26"]
[SourceVersion "1"]
[SourceVersionDate "2010.11.26"]
[SourceQuality "1"]

1. d4 Nf6 2. c4 e6 3. Nc3 d5 4. cxd5 exd5 5. Bg5 Nbd7 6. e3 Bd6 7. Nxd5 c6 8.
Bxf6 Qa5+ 9. Nc3 Nxf6 10. Bc4 Qg5 11. Nf3 Qxg2 12. Rg1 Qh3 13. Rxg7 Bg4 14.
Bxf7+ Kf8 15. Rxg4 Qxg4 16. Bc4 Ke7 17. Be2 Qe6 18. Qa4 a5 19. O-O-O b5 20. d5
Qxe3+ 21. fxe3 bxa4 22. dxc6 Bc5 23. e4 Rad8 24. e5 Rxd1+ 25. Bxd1 Ng4 26. Nxa4
Be3+ 27. Kb1 Rc8 28. Nc3 Ke6 29. Nd4+ Kxe5 30. Bxg4 Rg8 31. c7 1-0

[Event "Mitropa sim"]
[Site "Meissen"]
[Date "2013.05.31"]
[Round "1"]
[White "Aronian, Levon"]
[Black "Bluebaum, Matthias"]
[Result "1/2-1/2"]
[WhiteElo "2813"]
[BlackElo "2511"]
[PlyCount "73"]
[EventDate "2013.05.31"]
[EventType "simul"]
[EventRounds "1"]
[EventCountry "GER"]
[SourceTitle "CBM 154 Extra"]
[Source "ChessBase"]
[SourceDate "2013.06.25"]
[SourceVersion "2"]
[SourceVersionDate "2013.06.25"]
[SourceQuality "1"]

1. d4 d5 2. c4 c6 3. Nc3 dxc4 4. e4 b5 5. a4 b4 6. Na2 Nf6 7. e5 Nd5 8. Bxc4 e6
9. Nf3 a5 10. Ng5 Be7 11. Qh5 Bxg5 12. Bxg5 Qb6 13. Qh4 b3 14. Nc3 Nxc3 15.
bxc3 Ba6 16. Bxa6 Qxa6 17. Ra3 c5 18. Rxb3 Qc4 19. Rb7 O-O 20. Qg3 cxd4 21.
cxd4 Nc6 22. Bh6 g6 23. Qb3 Qxd4 24. O-O Rfb8 25. Qb5 Qd5 26. Qxd5 exd5 27. Rd7
Rd8 28. Rxd8+ Rxd8 29. Bg5 Rb8 30. h3 Rb4 31. Rd1 Rxa4 32. Rxd5 Rc4 33. Bh6 Rh4
34. Bg5 Rc4 35. Bh6 Rh4 36. Bg7 Nb8 37. Rd7 1/2-1/2

[Event "Mitropa sim"]
[Site "Meissen"]
[Date "2013.05.31"]
[Round "1"]
[White "Aronian, Levon"]
[Black "Donchenko, Alexander"]
[Result "1-0"]
[WhiteElo "2813"]
[BlackElo "2452"]
[PlyCount "88"]
[EventDate "2013.05.31"]
[EventType "simul"]
[EventRounds "1"]
[EventCountry "GER"]
[SourceTitle "CBM 154 Extra"]
[Source "ChessBase"]
[SourceDate "2013.06.25"]
[SourceVersion "2"]
[SourceVersionDate "2013.06.25"]
[SourceQuality "1"]

1. d4 d5 2. c4 dxc4 3. e3 e6 4. Bxc4 c5 5. Nf3 a6 6. O-O Nf6 7. Nc3 b5 8. Be2
Nbd7 9. d5 exd5 10. Nxd5 Bb7 11. Nxf6+ Nxf6 12. a4 b4 13. Qxd8+ Rxd8 14. Ne5
Be7 15. f3 O-O 16. e4 Nd7 17. Nxd7 Rxd7 18. Be3 Bf6 19. Rab1 Rc8 20. b3 Bd4 21.
Bxd4 cxd4 22. Bc4 Kf8 23. Rfd1 Ke7 24. Rb2 Kf6 25. Rbd2 Rcd8 26. h4 Rd6 27. Kf2
Ke7 28. g4 h6 29. h5 Kf6 30. Kg3 R6d7 31. Kf4 Ke7 32. Rg1 Rc8 33. g5 Rc5 34.
gxh6 gxh6 35. Rh2 Kf8 36. Rhg2 Rxh5 37. Rg8+ Ke7 38. R1g7 Kf6 39. Rh7 Rh4+ 40.
Kg3 Rh5 41. Rf8 Rg5+ 42. Kf4 Rg7 43. e5+ Ke7 44. Rhh8 Rg1 1-0

[Event "WchT 9th"]
[Site "Antalya"]
[Date "2013.12.04"]
[Round "8.1"]
[White "Giri, Anish"]
[Black "Aronian, Levon"]
[Result "0-1"]
[WhiteElo "2732"]
[BlackElo "2801"]
[PlyCount "116"]
[EventDate "2013.11.26"]
[EventType "team-tourn"]
[EventRounds "9"]
[EventCountry "TUR"]
[SourceTitle "CBM 158"]
[Source "ChessBase"]
[SourceDate "2014.01.16"]
[SourceVersion "1"]
[SourceVersionDate "2014.01.16"]
[SourceQuality "1"]
[WhiteTeam "Netherlands"]
[BlackTeam "Armenia"]
[WhiteTeamCountry "NED"]
[BlackTeamCountry "ARM"]

1. e4 e5 2. Nf3 Nc6 3. Bb5 a6 4. Ba4 Nf6 5. O-O Be7 6. Re1 b5 7. Bb3 O-O 8. a4
b4 9. d4 d6 10. dxe5 dxe5 11. Bg5 Qxd1 12. Rxd1 Nxe4 13. Bxe7 Nxe7 14. Nxe5 Nc5
15. Nd2 Nxb3 16. Nxb3 f6 17. Nd7 Re8 18. Na5 Nf5 19. Nc5 Nd6 20. Nd3 Rb8 21.
Nc6 Rb6 22. Ncxb4 Bb7 23. b3 a5 24. Na2 Be4 25. Nc3 Bg6 26. Nd5 Rc6 27. c4 Kf8
28. Rac1 Nb7 29. Kf1 Rd8 30. N3f4 Bf7 31. Nc3 Rcd6 32. Rxd6 Rxd6 33. Nfd5 c6
34. Ne4 Rd7 35. Ndc3 f5 36. Ng5 Nc5 37. Nxf7 Kxf7 38. Ke2 Nxb3 39. Rb1 Rb7 40.
Ke3 Ke7 41. h4 Kd6 42. Kf4 Kc5 43. Nd1 Kb4 44. Ne3 Kxa4 45. Nc2 Rd7 46. Rb2 Nc5
47. Rb6 Rd6 48. Kxf5 Rf6+ 49. Kg4 Nd3 50. Kg3 Nb4 51. Nd4 Rd6 52. Nf5 Rf6 53.
Nd4 Rd6 54. Nf5 Rd3+ 55. f3 g6 56. Ne7 Rd7 57. Ng8 Rf7 58. Nh6 Re7 0-1

[Event "Beijing Sportaccord Basque"]
[Site "Beijing"]
[Date "2013.12.18"]
[Round "5.1"]
[White "Aronian, Levon"]
[Black "Mamedyarov, Shakhriyar"]
[Result "0-1"]
[WhiteElo "2803"]
[BlackElo "2757"]
[PlyCount "52"]
[EventDate "2013.12.17"]
[EventType "swiss (rapid)"]
[EventRounds "5"]
[EventCountry "CHN"]
[SourceTitle "CBM 158"]
[Source "ChessBase"]
[SourceDate "2014.01.16"]
[SourceVersion "1"]
[SourceVersionDate "2014.01.16"]
[SourceQuality "1"]

1. d4 d5 2. c4 c6 3. Nf3 Nf6 4. Nc3 e6 5. Bg5 Nbd7 6. e3 Qa5 7. Nd2 Bb4 8. Rc1
Bxc3 9. bxc3 O-O 10. Be2 b6 11. Bf4 Re8 12. a4 c5 13. O-O cxd4 14. exd4 e5 15.
dxe5 Nxe5 16. cxd5 Qxd5 17. c4 Qd4 18. Be3 Qh4 19. c5 Bb7 20. Nc4 bxc5 21. Nd6
Red8 22. Rxc5 Rxd6 23. Qb3 Bd5 24. Qc3 Re8 25. Rc8 Rde6 26. Rd1 Neg4 0-1

[Event "Norway Chess 2nd"]
[Site "Stavanger"]
[Date "2014.06.09"]
[Round "6"]
[White "Aronian, Levon"]
[Black "Giri, Anish"]
[Result "1/2-1/2"]
[WhiteElo "2815"]
[BlackElo "2752"]
[PlyCount "95"]
[EventDate "2014.06.03"]
[EventType "tourn"]
[EventRounds "9"]
[EventCountry "NOR"]
[EventCategory "21"]
[SourceTitle "CBM 161"]
[Source "ChessBase"]
[SourceDate "2014.07.16"]
[SourceVersion "1"]
[SourceVersionDate "2014.07.16"]
[SourceQuality "1"]

1. Nf3 c5 2. c4 Nf6 3. Nc3 d5 4. cxd5 Nxd5 5. e3 e6 6. d4 Nc6 7. Bc4 cxd4 8.
exd4 Be7 9. O-O O-O 10. Re1 Bf6 11. Ne4 b6 12. a3 Bb7 13. Qd3 Nce7 14. Bd2 Rc8
15. Rac1 $146 (15. Rad1 Nf5 16. Bb3 Nd6 17. Bxd5 Bxd5 18. Nxd6 Qxd6 19. Bb4 $16
{(1-0, 51) Korneev,O (2619)-Oms Pallisse,J (2419) Dos Hermanas 2000}) 15... Ng6
16. g3 Be7 17. h4 Nf6 18. Nxf6+ Bxf6 19. Bb4 Ne7 20. Ne5 a5 21. Bxe7 Qxe7 22.
Ba6 Rxc1 23. Rxc1 Qd6 24. Bxb7 Bxe5 25. Rc6 Qxd4 26. Qxd4 Bxd4 27. b3 Bc5 28.
b4 axb4 29. axb4 Bxb4 30. Rxb6 Ba5 31. Rc6 g6 32. Rc8 Bd8 33. Ba6 Kg7 34. Bc4
h6 35. Kg2 g5 36. hxg5 hxg5 37. Ra8 Kf6 38. Be2 Rh8 39. Rb8 Ke7 40. Rb7+ Kf6
41. Rb8 Ke7 42. Rb7+ Ke8 43. Bb5+ Kf8 44. Rb8 Ke7 45. Rb7+ Kf6 46. Rb8 Ke7 47.
Rb7+ Kf6 48. Rb8 1/2-1/2